000 00957nam a22002057a 4500
003 BUBTL
008 190428b xxu||||| |||| 00| 0 eng d
020 _a9843002296
082 _a954.92/ K115d/ 2012
100 _94960
_aকাদির, মুহাম্মদ নূরুল
245 _aদুশো ছেষট্টি দিনে স্বাধীনতা/
_cমুহাম্মদ নূরুল কাদির
250 _a12th Edn.
260 _aঢাকা :
_bমুক্ত পাবলিশার্স,
_cc2012
300 _a816 p.:
_bills.;
_c29 cm.
505 _aদুশো ছেষট্টি দিনে স্বাধীনতা, মুহাম্মদ নূরুল কাদির, মুক্তিযুদ্ধ
650 0 _91755
_aমুক্তিযুদ্ধ
856 _k0
_l0
_yDownload
942 _2ddc
_cBK
999 _c6002
_d6002